The church in modern times, 1447-1789 /

Bibliographic Details
Main Author: Leman, A. (Auguste), 1879-
Other Authors: Cowell, E. (Edith) (Translator)
Format: Book
Language:English
French
Published: London and Edinburgh : St. Louis, Mo. : Sands & company; B. Herder book company, [1929]
Series:Catholic library of religious knowledge ; v.3.
Subjects:

MARC

Tag First Indicator Second Indicator Subfields
LEADER 00000cam a2200000 4500
001 in00001055721
005 20150929090345.0
008 780714s1929 enk 000 0 eng
010 |a  36019968  
035 |a (OCoLC)04053436 
035 |9 AFK8074AM 
040 |a DLC  |c OUP  |d m.c.  |d TXA  |d UtOrBLW 
041 1 |a eng  |a fre 
049 |a TXAM 
050 0 |a BX880  |b .C3 vol. 3 
082 0 |a 282.09 
090 |a BX880  |b .L45 1929 
100 1 |a Leman, A.  |q (Auguste),  |d 1879- 
245 1 4 |a The church in modern times, 1447-1789 /  |c by A. Leman ... translated by E. Cowell. 
264 1 |a London and Edinburgh :  |b Sands & company;  |a St. Louis, Mo. :  |b B. Herder book company,  |c [1929] 
300 |a xi, 236 pages ;  |c 19 cm. 
336 |a text  |b txt  |2 rdacontent 
337 |a unmediated  |b n  |2 rdamedia 
338 |a volume  |b nc  |2 rdacarrier 
490 1 |a Catholic library of religious knowledge ;  |v v.3 
504 |a Bibliography: pages 229-236. 
610 2 0 |a Catholic Church  |x History. 
700 1 |a Cowell, E.  |q (Edith),  |e translator. 
830 0 |a Catholic library of religious knowledge ;  |v v.3. 
999 |a MARS 
999 f f |s 61a09f05-001b-3f8d-b2a7-582ec2a20d72  |i c9cb2a03-d3a4-3eb7-8067-2f5ce147bf21  |t 0 
952 f f |p ric  |a Texas A&M University  |b Rellis Campus  |c Joint Library Facility  |d Remote Storage  |t 0  |e BX880 .L45 1929  |h Library of Congress classification  |i unmediated -- volume  |m A14815635451 
998 f f |a BX880 .L45 1929  |t 0  |l Remote Storage